Normale Ansicht MARC-Ansicht ISBD

Vlast' i intelligencija v sibirskoj provincii (Titelsatznr. 42400)

[ MARC ]
MARC-Details
000 -Satzkennung
Kontrollfeld mit fester Länge 00941nam a22002531cc4500
001 - Kontrollnummer
Kontrollfeld a987682882+Band2
003 - Kontrollnummer Identifier
Kontrollfeld RU-10907106
005 - Datum und Zeit der letzten Transaktion
Kontrollfeld 20221124190511.0
008 - Feld mit fester Länge zur physischen Beschreibung - Allgemeine Angaben
Kontrollfeld mit fester Länge 170613s2004 gw |||| 000u rus d
020 ## - Internationale Standardbuchnummer
Internationale Standardbuchnummer 5875502126
Verknüpfung 5-87550-212-6
035 ## - Systemkontrollnummer
System-Kontrollnummer a987682882
040 ## - Katalogisierungsquelle
Übertragungsstelle RU-10907106
041 ## - Sprachcode
Sprachcode des Textes/der Tonspur oder des separaten Titels rus
245 00 - Titel
Titel Vlast' i intelligencija v sibirskoj provincii
Zählung des Teils/der Abteilung eines Werkes Band 2
Titel eines Teils/einer Abteilung eines Werkes Vlast' i intelligencija v sibirskoj provincii : (1933-1937 gody) ; sbornik dokumentov
246 12 - Titelvarianten
Hauptsachtitel/Kurztitel Vlast' i intelligencija v sibirskoj provincii. Vlast' i intelligencija v sibirskoj provincii : (1933-1937 gody) ; sbornik dokumentov
Zählung des Teils/der Abteilung eines Werkes Band 2
264 #1 - Produktion, Veröffentlichung, Distribution, Herstellung und Urheberrechtsvermerk
Herstellungs-, Veröffentlichungs- Vertriebs-, Erzeugungsort Novosibirsk :
Produzent, Herausgeber, Distributor, Hersteller Sova,
Datum der Herstellung, der Veröffentlichung, des Vertriebs oder des Urheberschutzvermerks 2004
300 ## - Physische Beschreibung
Umfang 352 Seiten
336 ## - Inhaltstyp
Quelle rdacontent
Inhaltstypterm Text
Inhaltstypcode txt
337 ## - Medientyp
Quelle rdamedia
Bezeichnung des Medientyps Ohne Hilfsmittel zu benutzen
Medientypcode n
338 ## - Datenträgertyp
Quelle rdacarrier
Datenträgertypbezeichnung Band
Datenträgertypcode nc
700 1# - Nebeneintragung - Personenname
Personenname Krasil'nikov, Sergej A.
Funktionsbezeichnung HerausgeberIn
Koha-Normdatenidentnummer 9684
773 08 - Übergeordnete Einheit
Datensatzkontrollnummer a987682882
Zählung und erste Seite Band2
942 ## - Zusätzliche Felder (Koha)
Koha-Medientyp Monographien
Klassifikation oder Aufstellungssystematik Andere/Generische Klassifikation
Exemplare
Ausgeschieden Verloren Klassifikation oder Aufstellungssystematik Beschädigt Nicht entleihbar Heimatbibliothek Aufenthaltsbibliothek Aufstellungsort Erwerbungsdatum Inventarnummer Signatur Barcode Letzte Aktivität Preis gültig von Koha-Medientyp
    Andere/Generische Klassifikation     MWN Osteuropa MWN Osteuropa Magazin - 2 13/06/2017 17-03037 Ersatzß R 62 f Kra 2 (2) E004015078FBB048 23/02/2021 22/03/2021 Monographien